9 Fictional Mexican Characters Quiz Stats

 Plays Quiz Updated Jun 25, 2020

Support Sporcle.
Go Orange.
Score 0/9 Timer 00:45
0 Plays Today
% Correct
Zorro
93.3%
Machete
85.3%
Miguel Rivera
77.2%
Speedy Gonzales
75.2%
King
70.7%
Panchito Pistoles
66.8%
El Mariachi
63.3%
Hummingbird
63%
Rictor
61.3%

You're not logged in!

Compare scores with friends on all Sporcle quizzes.
OR
Log In

From the Vault

Images for Every Subcategory: History

by El_Dandy

Art history images are easy to find. "Decade" images require a little more creativity.
Remove Ads.
Support Sporcle.
Get the best of Sporcle when you Go Orange. This ad-free experience offers more features, more stats, and more fun while also helping to support Sporcle. Thank you for becoming a member.

Show Comments

Extras

Top Quizzes Today


Score Distribution

Your Account Isn't Verified!

In order to create a playlist on Sporcle, you need to verify the email address you used during registration. Go to your Sporcle Settings to finish the process.

Report this User

Report this user for behavior that violates our Community Guidelines.

Details: